=LDR 00000nam 2200000 4500 =001 INLIS000000000044446 =005 20131008105900 =008 ***********************************ind** =035 ##$$a0010-101300000002368 =041 ##$$a ind =082 ##$$a 641.5 =090 ##$$a 641.5, han k =100 ##$$a Hanum, Musyriah =245 ##$$a Kiat Menekuni Bisnis, catering,warung tenda dan angkringan =260 ##$$a absolut $b yogyakarta =300 ##$$a 224 hlm, ilus, 15 cm =850 ##$$a NBPNMAT =990 ##$$a 92980/BPAP-NTB/2014